000 00683cam a22002053a 4500
001 45165
003 PGUSA
005 20140828084031.0
008 140318s2014||||xxu|||||s|||||000 | eng d
040 _aPGUSA
_beng
042 _adc
100 1 _aGoodrich, Samuel G.
_q(Samuel Griswold),
_d1793-1860
245 1 0 _aPeter Parley's Own Story :
_bFrom the Personal Narrative of the Late Samuel G. Goodrich, ('Peter Parley')
_h[electronic resource] /
_cSamuel G. Goodrich
260 _bProject Gutenberg,
_c2014
506 _aPublic domain in the USA.
516 _aElectronic text
830 0 _aProject Gutenberg
_v45165
856 4 0 _uhttp://www.gutenberg.org/ebooks/45165
942 _cEB
999 _c274416
_d274416